Giáo trình marketing thương mại (Dùng trong các trường Trung học chuyên nghiệp)

Nội dung của giáo trình nhằm trang bị cho người học một hệ thống kiến thức cần thiết nhất về lĩnh vực marketing thương mại. Giáo trình marketing thương mại bao gồm bài mở đầu và 9 chương, dựa trên cơ sở kế thừa các giáo trình marketing...

全面介紹

Đã lưu trong:
書目詳細資料
主要作者: Nguyễn, Mạnh Dũng
格式: 圖書
語言:Undetermined
出版: Hà Nội Nhà xuất bản Hà Nội 2007
主題:
標簽: 添加標簽
沒有標簽, 成為第一個標記此記錄!
Thư viện lưu trữ: Trung tâm Học liệu Trường Đại học Cần Thơ
LEADER 01105nam a2200217Ia 4500
001 CTU_122132
008 210402s9999 xx 000 0 und d
020 |c 20000 
082 |a 380.1 
082 |b D513 
100 |a Nguyễn, Mạnh Dũng 
245 0 |a Giáo trình marketing thương mại 
245 0 |b (Dùng trong các trường Trung học chuyên nghiệp) 
245 0 |c Nguyễn Mạnh Dũng 
260 |a Hà Nội 
260 |b Nhà xuất bản Hà Nội 
260 |c 2007 
520 |a Nội dung của giáo trình nhằm trang bị cho người học một hệ thống kiến thức cần thiết nhất về lĩnh vực marketing thương mại. Giáo trình marketing thương mại bao gồm bài mở đầu và 9 chương, dựa trên cơ sở kế thừa các giáo trình marketing thương mại và tài liệu có liên quan đến marketing thương mại. 
650 |a Commerce,Marketing 
904 |i Nguyên 
980 |a Trung tâm Học liệu Trường Đại học Cần Thơ